| 000 | 00893nam a22002535a 4500 | ||
|---|---|---|---|
| 005 | 20161117121843.0 | ||
| 008 | 161031t2015 enka frb 001 0 eng d | ||
| 020 | _a9780198743781 | ||
| 040 |
_aEG-ScBUE _beng _cEG-ScBUE _dEG-ScBUE |
||
| 082 | 0 | 4 |
_a330.015195 _bCAS _222 |
| 245 | 1 | 4 |
_aThe methodology and practice of econometrics : _ba festschrift in honour of David F. Hendry / _cedited by Jennifer L. Castle, Neil Shephard. |
| 260 |
_aOxford : _bOxford University Press, _c2015. |
||
| 300 |
_axii, 451 p. : _bill. ; _c24 cm. |
||
| 500 | _aIndex : p. 441-451. | ||
| 504 | _aIncludes bibliographical references. | ||
| 590 | _aSuzan Ashmawy | ||
| 650 | 7 |
_aEconometrics _xMethodology. _2BUEsh |
|
| 650 | 7 |
_aEconometric models. _2BUEsh |
|
| 651 | _2BUEsh | ||
| 653 |
_bBUSECO _cOctober2016 |
||
| 700 | 1 |
_aShephard, Neil, _eeditor. |
|
| 700 | 1 |
_aShephard, Neil, _eeditor. |
|
| 942 | _2ddc | ||
| 999 |
_c22930 _d22902 |
||